Quiz wiedza ogólna #1 - Statystyki

Ogólne statystyki
  • Ten quiz został rozwiązany 44 razy
  • Średni wynik to 6 z 8
Statystyki odpowiedzi
Zagadnienie Odpowiedź % Poprawnych
Z którym z tych krajów nie graniczy Polska? Węgry
97%
Ile to 2+2*2? 6
94%
Kto stworzył Układ Okresowy? Dimitrij Mendelejew
92%
W którym roku Bolesława Chrobrego koronowano na króla Polski? 1025
81%
Kto był pierwszym prezydentem USA? George Washington
81%
Najlepszy polski darter. Krzysztof Ratajski
81%
Którego z tych dzieł nie napisał Adam Mickiewicz? "Balladyna"
69%
Jak to napisać? Gżegżółka
47%
Nie znaleziono quizów pasujących do podanych kryteriów
Rozkład punktacji
Procent ludzi z każdym wynikiem
Percentyl według liczby udzielonych odpowiedzi
Twoja historia wyników
Nie rozwiązałeś tego quizu